000 00410nam a2200145Ia 4500
008 100122s9999 xx 000 0 und d
082 _b55318
_a808.5
100 _aघाणेकर मधुसूदन
245 _aभाषणकला
260 _bनितीन प्रकाशन
_c1998
300 _a57
630 _aभाषणकला
730 _aभाषणकला
942 _cBOOK
999 _c431960
_d431957